Statistics for Frankenstein - The Waking Nightmare - Missing Lyrics

Click here to take the quiz!

General Stats

  • This quiz has been taken 8 times
  • The average score is 23 of 36

Answer Stats

CharacterLyrics% Correct
CreatureAll that I know, all I {remember}
80%
Am I condemned though I cannot remember my {sin}?
80%
And all I'll ever {hear}
80%
Ripped by the {knife} I am torn from my sleep
80%
Yet one who still suffers and {scars} like a human as well
80%
EnsembleYou're a {beast} to be feared
80%
All I'll ever find is {fear}
60%
Am I alive or in {purgatory}, am I insane?
60%
And by heaven will track you and haunt you and banish your soul from this {earth}
60%
And every moment tastes of {death}!
60%
And what of a {hell} awaits there
60%
Are the screams of {terror} and scorn
60%
Born as a demon, a {ghoul} from a nightmare
60%
Colder than {stone}
60%
Do not dare to draw {near}
60%
God has damned you at {birth}
60%
{Half} of a man
60%
I'm here in the waking {nightmare}
60%
Knowing so deep in my {breast}
60%
CreatureLost and {alone}
60%
Nothing that you can {do}
60%
Only a silence {eternal} and blissfully deep
60%
Pocken and scarred, charred like an {ember}
60%
That here in the waking {nightmare}
60%
There were no {dreams}, no tortured memories
60%
What do they fear? Why am I {hunted}?
60%
What have I done to deserve such a {sentence} in hell?
60%
What is this animal {gnawing} inside of my brain?
60%
While every moment tastes of {death}!
60%
Who is this stranger inside of my {skin}?
60%
Will disguise what is {true}
60%
Without soul or a {name}
60%
Wondering why I draw {breath}
60%
Yes, here in the waking {nightmare}
60%
You're an object of {shame}
60%
Now here I {stand}
40%

Score Distribution

Percentile by Number Answered

Percent of People with Each Score

Your Score History

You have not taken this quiz